Aplicación del ciclo estratégico por resultados a la planificación de estrategias de VIH /sida en Latinoamérica /
Guardat en:
| Autor principal: | |
|---|---|
| Altres autors: | |
| Format: | Text |
| Etiquetes: |
Afegir etiqueta
Sense etiquetes, Sigues el primer a etiquetar aquest registre!
|
MARC
| LEADER | 00000 a a2200000 04500 | ||
|---|---|---|---|
| 001 | 47369 | ||
| 003 | |||
| 040 | |||
| 100 | |a Rodríguez-García, Rosalía | ||
| 245 | |a Aplicación del ciclo estratégico por resultados a la planificación de estrategias de VIH /sida en Latinoamérica / |c Rosalía Rodríguez-García, Hernán Rosenberg | ||
| 700 | |a Rosenberg, Hernán | ||
| 773 | |g volumen55, (2013), páginas s7-s14 | ||
| 999 | |c 20494 |d 20494 | ||
